Genetic improvement of cultured tilapia and redclaw in fiji and Australia - progress

Zapisane w:
Opis bibliograficzny
Format: Książka
Język:Undetermined
Wydane: Malaysia University of Malaya 1999
Hasła przedmiotowe:
Etykiety: Dodaj etykietę
Nie ma etykietki, Dołącz pierwszą etykiete!
Thư viện lưu trữ: Trung tâm Học liệu Trường Đại học Cần Thơ
LEADER 00511nam a2200157Ia 4500
001 CTU_150616
008 210402s9999 xx 000 0 und d
082 |a 639.3774 
082 |b G326 
245 0 |a Genetic improvement of cultured tilapia and redclaw in fiji and Australia - progress 
260 |a Malaysia 
260 |b University of Malaya 
260 |c 1999 
650 |a Fishery scientists,Nghiên cứu nghề cá 
904 |i Trọng Hải 
980 |a Trung tâm Học liệu Trường Đại học Cần Thơ